| Tag |
First Indicator |
Second Indicator |
Subfields |
| LEADER |
00000cam a2200000 4500 |
| 001 |
in00000068843 |
| 005 |
20160305063405.0 |
| 008 |
800502s1948 fr 00010 fre c |
| 010 |
|
|
|a a 48008647
|
| 035 |
|
|
|a (OCoLC)06275337
|
| 035 |
|
|
|9 AAG3826AM
|
| 040 |
|
|
|a New York Univ. Wash. Sq. Library
|c TXA
|d UtOrBLW
|
| 041 |
1 |
|
|a fre
|a rur
|
| 049 |
|
|
|a TXAM
|c [180850]
|
| 050 |
|
0 |
|a HG186.R8
|b B3
|
| 092 |
|
|
|a 332
|b B336f
|
| 100 |
1 |
|
|a Batyrev, V. M.
|q (Vladimir Mikhaĭlovich)
|
| 245 |
1 |
4 |
|a Les finances et le credit en U.R.S.S. /
|c [par] V. Batyrev et V. Sitnine. Tr. du russe par Raissa Tarr.
|
| 264 |
|
1 |
|a Paris :
|b Presses universitaires de France,
|c 1948.
|
| 300 |
|
|
|a 121 pages ;
|c 23 cm.
|
| 336 |
|
|
|a text
|b txt
|2 rdacontent
|
| 337 |
|
|
|a unmediated
|b n
|2 rdamedia
|
| 338 |
|
|
|a volume
|b nc
|2 rdacarrier
|
| 650 |
|
0 |
|a Finance
|z Soviet Union.
|
| 650 |
|
0 |
|a Banks and banking
|z Soviet Union.
|
| 650 |
|
0 |
|a Taxation
|z Soviet Union.
|
| 700 |
1 |
|
|a Sitnin, V. K.
|
| 700 |
1 |
|
|a Tarr, Raïssa.
|
| 999 |
|
|
|a MARS
|
| 999 |
f |
f |
|s 3536aeab-4db1-337d-ad2a-4bf5a96ec672
|i 90886326-4c0d-38ad-847e-ec540aa2a6e8
|t 0
|
| 952 |
f |
f |
|p ric
|a Texas A&M University
|b Rellis Campus
|c Joint Library Facility
|d Remote Storage
|t 0
|e HG186.R8 B3
|h Library of Congress classification
|i unmediated -- volume
|m A14800726027
|
| 998 |
f |
f |
|a HG186.R8 B3
|t 0
|l Remote Storage
|